000 03553cam a2200661 4500
001 ABS67756
008 040505n2004 000 0 eng u
035 _a(Sirsi) u126088
100 _aPugh-Smith, J
245 _aRecent case developments in planning law and practice 2003
260 _c2004
490 _aJournal of Planning and Environment Law
_vApril 2004, 398-418(21)
520 _aReviews the key planning issues considered by the courts during 2003.The section on environmental impact assessment looks at: development consents; enforcement considerations; section 73 applications; later approvals; and the screening process. The planning inquiries section focuses on reasons for environmental impact assessment development consents and the scope of planning permissions. The enforcement section discusses: section 187B injunctions; the four-year rule; the demolition of existing buildings; the making of tree preservation orders; and nature conservation designations. The section on the application of planning policy considers the emergence of the importance of local plans; attempts to try and prevent a precedent and clarifies national policy. Other specific issues covered include: publicising planning applications; statements of common ground; competing future uses; permission costs in judicial review proceedings; and modifying section 106 agreements. Refers to case law throughout.
590 _aABS
590 _aABS
650 _aR V SOS TRANSPORT EX P WELLS
650 _aR V LONDON UNDERGROUND LTD AND OTHERS EX P HAMMERTON
650 _aR V LONDON UNDERGROUND LTD EX P PROKOPP
650 _aR V BROMLEY LBC AND ANOTHER EX P BARKER
650 _aSMITH V SOS ENVIRONMENT
650 _aR V LEWISHAM LBC AND ANOTHER EX P GOODMAN AND ANOTHER
650 _aR V SOUTHWARK LBC EX P LAMBERT
650 _aR V FIRST SOS EX P ORCHARD
650 _aBELLWAY URBAN RENEWAL SOUTHERN V GILLESPIE
650 _aR V MANSFIELD DC EX P JONES
650 _aEVANS V FIRST SOS AND OTHERS
650 _aYOUNGER HOMES (NORTHERN) LTD V FIRST SOS AND ANOTHER
650 _aR V HAMMERSMITH AND FULHAM LBC EX P BURKETT
650 _aR V NORTH YORKSHIRE CC EX P RICHARDSON
650 _aR V HARTLEPOOL BC AND ANOTHER EX P GREGAN
650 _aWREXHAM BC V BERRY
650 _aSOUTH BUCKS DC V PORTER
650 _aCHICHESTER DC V SEARLE AND OTHERS
650 _aSAGE V SOS ENVIRONMENT AND OTHERS
650 _aR V FIRST SOS EX P GOSBEE
650 _aR V BROMSGROVE DC EX P BRENNON
650 _aR V ENGLISH NATURE EX P FISHER
650 _aBOWN V SOS TRANSPORT
650 _aR V OXFORD CITY COUNCIL EX P J A PYE (OXFORD) LTD
650 _aGLOUCESTER CITY COUNCIL V FIRST SOS
650 _aALDERNEY ESTATES V SOS TRANSPORT
650 _aR V HARINGEY LBC AND ANOTHER EX P GAVIN
650 _aDTLR CIRCULAR 5/2000
650 _aR V WESTMINSTER LBC EX P MOUNT COOK LAND LTD AND ANOTHER
650 _aR V NORTH SOMERSET DC AND ANOTHER EX P GARDEN AND LEISURE GROUP LTD
650 _aENVIRONMENT IMPACT ASSESSMENT
650 _aDEVELOPMENT CONSENTS
650 _aTOWN AND COUNTRY PLANNING ACT 1990 S73
650 _aPLANNING INQUIRIES
650 _aTOWN AND COUNTRY PLANNING ACT 1990 S187(B)
650 _aTOWN AND COUNTRY PLANNING ACT 1990 S171(B)(1)
650 _aTREE PRESERVATION ORDERS (TPOs)
650 _aLOCAL PLAN
650 _aTOWN AND COUNTRY PLANNING ACT 1990 S106
650 _aPLANNING AND COMPULSORY PURCHASE ACT 2004
690 _aPLANNING-CASE LAW
942 _n0
999 _c117284
_d117284